000 00264nam a22001217a 4500
008 180910b xxu||||| |||| 00| 0 eng d
041 _aeng
080 _a910
100 _a42
101 _aGJEO
245 _aIntroduction to Geography
_cGetis, A
942 _2udc
_cBK
999 _c47635
_d47635